[Event "Karl Mala Memorial op-B 16th"]
[Site "Frankfurt"]
[Date "2013.07.12"]
[Round "3"]
[White "Lopez, Victor"]
[Black "Mindt, Felix"]
[Result "1/2-1/2"]
[WhiteElo "1715"]
[BlackElo "1150"]
[PlyCount "84"]
[EventDate "2013.07.11"]
[EventType "swiss"]
[EventRounds "7"]
[EventCountry "GER"]
[SourceTitle "CBM 155 Extra"]
[Source "ChessBase"]
[SourceDate "2013.08.26"]
[SourceVersion "1"]
[SourceVersionDate "2013.08.26"]
[SourceQuality "1"]

1. e4 e5 2. Nf3 Nc6 3. d4 exd4 4. Nxd4 Nxd4 5. Qxd4 d6 6. Nc3 Nf6 7. Bc4 Be6 8. Bg5 Be7 9. 0-0 Bxc4 10. Qxc4 0-0 11. Rad1 c6 12. Qd3 Ne8 13. Bf4 Qd7 14. Qg3 f5 15. e5 d5 16. Ne2 Bc5 17. c3 Nc7 18. b4 Bb6 19. c4 Ne6 20. Bc1 Rad8 21. Nf4 Nxf4 22. Qxf4 Qe6 23. c5 Bc7 24. Bb2 Rde8 25. Rfe1 h6 26. h4 Qe7 27. Rd3 Rf6 28. Rde3 Re6 29. Qxf5 a5 30. Qg4 axb4 31. Qxb4 Bb8 32. g3 g5 33. h5 Qg7 34. Qd4 Bc7 35. g4 Rf8 36. Rf1 Rfe8 37. Rfe1 Rf8 38. R3e2 Bb8 39. Kg2 Bc7 40. Qc3 Bb8 41. Qb3 Rfe8 42. Qc3 Rf8 1/2-1/2